00833nam a2200217 i 4500001000300000245008800003250006600091260002900157300002400186650005000210650003700260650006900297655001800366700002400384020001500408040000800423041000700431080003800438008004100476856009800517bg00aMateriały szkoleniowe dla branży budowlanej /c[aut. Krzysztof Brzykczy et al.]. aOprac. podstawowe sierpień 2002 r. - Aktualiz. bieżąca. aWarszawa :bWEKA,c2002. aSkoroszyt ;c22 cm. 9aBudownictwoxbezpieczeństwo i higiena pracy 9aBezpieczeństwo i higiena pracy 9aBezpieczeństwo i higiena pracyxprawozPolskaystan na 2002 r. aPodręczniki1 aBRZYKCZY, Krzysztof a8387287296 cBPK0 apl a69:349.23/.24:331.45](438)(075.9) s pl f |000 0 pol  uhttp://koha.tu.koszalin.pl/cgi-bin/koha/opac-detail.pl?biblionumber=35042yKatalog online BPK